تحميل...

Neethi

التفاصيل البيبلوغرافية
المؤلف الرئيسي: Mohanavarma, K L
التنسيق: Printed Book
منشور في: Kottayam DC books 2007
LEADER 00346nam a22001097a 4500
082 |a 894.8123  |b MOH.N 
100 |a Mohanavarma, K L 
245 |a Neethi 
260 |a Kottayam  |b DC books  |c 2007 
942 |c BK 
999 |c 17870  |d 17870 
952 |0 0  |1 0  |4 0  |6 894_812300000000000_MOH_N  |7 0  |9 20285  |a CAMPUS  |b CAMPUS  |d 2017-09-13  |l 0  |o 894.8123 MOH.N  |p 12930  |r 2017-09-13  |w 2017-09-13  |y BK